书目信息 |
| 题名: |
知识经济与可持续发展
|
|
| 作者: | 葛新权 编著 | |
| 分册: | ||
| 出版信息: | 北京 社会科学文献出版社 1999.06 |
|
| 页数: | 336页 | |
| 开本: | 32开 | |
| 丛书名: | ||
| 单 册: | ||
| 中图分类: | F124 | |
| 科图分类: | ||
| 主题词: | 经济--中国 | |
| 电子资源: | ||
| ISBN: | 7-80149-162-9 | |
| 000 | 00574nam0 2200193 45 | |
| 001 | 0010221030 | |
| 005 | 20001022105025.6 | |
| 010 | @a7-80149-162-9@d19.80元 | |
| 100 | @a20001022d1999 km y0chiy0120 ea | |
| 101 | 0 | @achi |
| 105 | @a z 000yy | |
| 200 | 1 | @a知识经济与可持续发展@AZhi Shi Jing Ji Yu Ke Chi Xu Fa Zhan@f葛新权等编著@FGe Xin Quan Deng Bian Zhu |
| 210 | @a北京@c社会科学文献出版社@d1999.06 | |
| 215 | @a336页@d32开 | |
| 606 | 0 | @a经济@x中国 |
| 690 | @aF124@v3 | |
| 701 | 0 | @a葛新权@4编著 |
| 801 | @aCN@bPftUser@c20001022 | |
| 905 | @b181816-820@dF124@eG694@f5 | |
| 知识经济与可持续发展/葛新权等编著.-北京:社会科学文献出版社,1999.06 |
| 336页;32开 |
| ISBN 7-80149-162-9:19.80元 |
| ● |
| 相关链接 |
|
|
|
正题名:知识经济与可持续发展
索取号:F124/G694
 
预约/预借
| 序号 | 登录号 | 条形码 | 馆藏地/架位号 | 状态 | 备注 |
| 1 | 181816 | 201818168 | 社科二线422/409社科库 69排2列1层/ [索取号:F124/G694] | 在馆 | |
| 2 | 181817 | 201818177 | 社科库409/409社科库 69排2列1层/ [索取号:F124/G694] | 在馆 | |
| 3 | 181818 | 201818186 | 社科库409/400B社科库 32排1列3层/ [索取号:F124/G694] | 在馆 | |
| 4 | 181819 | 201818195 | 社科二线422/409社科库 69排2列1层/ [索取号:F124/G694] | 在馆 | |
| 5 | 181820 | 201818202 | 社科库409/400B社科库 1排2列2层/ [索取号:F124/G694] | 在馆 |